Statistiken für Stadt Wien-Quiz

Klicken Sie hier um das Quiz zu spielen!

Allgemein

  • Dieses Quiz wurde 229 mal gespielt
  • Das Durchschnittsergebnis liegt bei 14 aus 20

Antwortstatistiken

HinweisAntwort% Korrekt
LandesspracheDeutsch
100%
Fluss, der es durchfließtDonau
100%
Hauptstadt von welchem LandÖsterreich
99%
Wien in englischer SpracheVienna
98%
Berühmtester KomponistWolfgang Mozart
93%
Nächste HauptstadtBratislava
89%
Berühmtestes SchlossSchloss S{chönbrunn}
89%
Berühmtester Psycho-AnalytikerSigmund Freud
87%
Besatzungsmächte 1945-55Frankreich
83%
Besatzungsmächte 1945-55Vereinigte Staaten
81%
Berühmtester Walzer-KomponistJohann Strauss
76%
Besatzungsmächte 1945-55Vereinigtes Königreich
76%
Berühmte Reitschule{Spanische} Hofreitschule
73%
Besatzungsmächte 1945-55Sowjetunion
70%
Pferderasse, die dort verwendet wirdLipizzaner
67%
1949-Spionage-Thriller mit Orson WellesDer {dritte} {Mann}
35%
Große KonzertsäleM{usikverein}
34%
Große KonzertsäleK{onzerthaus}
26%
1984-Oscar-Preisträger über eifersüchtige Komponisten Salieri{Amadeus}
15%
1995 Romantik mit Ethan Hawke und Julie DelpyBefore {Sunrise}
12%

Verteilung der Resultate

Perzentil nach korrekt beantworteten Fragen

Anzahl Personen mit jedem Resultat

Ihre Resultats-Entwicklung

Sie haben dieses Quiz noch nicht gespielt